La industria de los banqueros / (Record no. 89646)

MARC details
000 -LEADER
campo de control de longitud fija 00608nam a2200181 i 4500
001 - NÚMERO DE CONTROL
campo de control 89646
003 - IDENTIFICADOR DE NÚMERO DE CONTROL
campo de control ES-MaACL
005 - FECHA Y HORA DE LA ÚLTIMA TRANSACCIÓN
campo de control 20230906180235.0
007 - CAMPO FIJO DE DESCRIPCIÓN FÍSICA--INFORMACIÓN GENERAL
campo de control de longitud fija t|
008 - DATOS DE LONGITUD FIJA--INFORMACIÓN GENERAL
campo de control de longitud fija 050111s1970 sp ||||1| spa d
100 1# - ENTRADA PRINCIPAL--NOMBRE DE PERSONA
Nombre de persona Lavrillère, Jacques.
9 (RLIN) 70732
245 13 - MENCIÓN DEL TÍTULO
Título La industria de los banqueros /
Mención de responsabilidad, etc. Jacques Lavrillère ; [traducción, Buenaventura García Estruch, Ignacio Merediz Carbó].
260 ## - PUBLICACIÓN, DISTRIBUCIÓN, ETC.
Lugar de publicación, distribución, etc. Barcelona :
Nombre del editor, distribuidor, etc. A. Redondo,
Fecha de publicación, distribución, etc. [1970]
300 ## - DESCRIPCIÓN FÍSICA
Extensión 174 p. ;
Dimensiones 18 cm.
700 1# - ENTRADA AGREGADA--NOMBRE PERSONAL
Nombre de persona García Estruch, Buenaventura.
9 (RLIN) 54582
700 1# - ENTRADA AGREGADA--NOMBRE PERSONAL
Nombre de persona Merediz Carbó, Ignacio.
9 (RLIN) 80481
852 ## - LOCALIZACIÓN
Ubicación ES-MaACL
Número de control de estantería C-42508
Sublocalización o colección R.74220
Holdings
Estatus retirado Estado de pérdida Estado de daño No para préstamo Biblioteca de origen Biblioteca actual Ubicación en estantería Fecha de adquisición Fuente de adquisición Total de préstamos Signatura topográfica completa Código de barras Visto por última vez Precio de reemplazo Tipo de ítem Koha
        Biblioteca del Ateneo de Madrid Biblioteca del Ateneo de Madrid Depósito 2 17/01/2008     C-42508 1093623 23/02/2023 23/02/2023 Libro impreso